La familia mapuche durante la radicación /

En este estudio se analiza el fenómeno de la imposición cultural de la familia entre los mapuches, desde la perspectiva del discurso y la acción de algunos actores de la sociedad dominante. La idea fundamental de este trabajo es demostrar la importancia que ha tenido el tema de la familia como model...

Full description

Bibliographic Details
Main Author: Bello M., Alvaro (Bello Maldonado)
Format: Analitica de revista
Language:Spanish
Published: Santiago, Chile SUR 1995
Subjects:

MARC

LEADER 00000cab a2200000 a 4500
001 037821
003 UAHC_CL
005 20171205113318.0
008 140120s1995 cl 000 spa
952 |0 0  |1 0  |4 0  |6 PROPOSICIONES_26_95_000000000000000  |7 0  |8 COMP  |9 71837  |a BC  |b BC  |c COMP  |d 2017-08-03  |l 0  |o PROPOSICIONES-26/95  |r 2017-08-03 00:00:00  |t 1  |w 2017-08-03  |y REVA 
999 |c 37821  |d 37821 
040 |a UAHC_CL  |c UAHC_CL  |d UAHC_CL 
100 1 |a Bello M., Alvaro  |q (Bello Maldonado) 
245 1 3 |a La familia mapuche durante la radicación /  |c Alvaro Bello. 
260 |b SUR  |c 1995  |a Santiago, Chile 
300 |a pp. 194-205 
310 |a Anual. 
362 0 |a Año 1, no. 1 (nov. 2002)- . 
500 |a En: Proposiciones. no. 26, 1995. pp. 194-205. ISSN. 956208051X. 
520 |a En este estudio se analiza el fenómeno de la imposición cultural de la familia entre los mapuches, desde la perspectiva del discurso y la acción de algunos actores de la sociedad dominante. La idea fundamental de este trabajo es demostrar la importancia que ha tenido el tema de la familia como modelo institucional e ideológico en las relaciones inter-étnicas y, sobre todo, cómo ha servido de instrumento o mecanismo de negación cultural de una sociedad sobre otra. 
650 4 |a FAMILIA  |z CHILE 
900 |a PROPOSICIONES-26/95 
942 |c REVA  |2 ddc